| 000 | 00691nam a2200229 a 4500 | ||
|---|---|---|---|
| 001 | sa 68010706 | ||
| 003 | DLC | ||
| 005 | 20260227112554.0 | ||
| 008 | 980923s1957 ii 000 0 mar | ||
| 010 | _asa 68010706 | ||
| 040 |
_aDLC _cDLC |
||
| 041 | 1 |
_amar _heng |
|
| 050 | 0 | 0 |
_aPS3515.E7 _bF346 |
| 100 | 1 |
_aHemingway, Ernest, _d1899-1961. |
|
| 240 | 1 | 0 |
_aFarewell to arms. _lMarathi |
| 245 | 1 | 0 |
_aŚāstrasannyāsa / _clekhaka Arnesṭa Hemingve ; anuvādaka, Vināyaka Viṭhṭhala Daḷavī. |
| 250 | _a1. āvr̥tti. | ||
| 260 |
_aMumbaī : _bParla Pablikeśansa, _c1957. |
||
| 300 |
_a317 p. ; _c17 cm. |
||
| 546 | _aIn Marathi. | ||
| 700 | 1 | _aṬiḷaka, Vināyaka Viṭhṭhala. | |
| 999 |
_c83494 _d83494 |
||